| 000 | 00615nam a2200193 a 4500 | ||
|---|---|---|---|
| 005 | 20210223130058.0 | ||
| 008 | 061122s2005 mx r 000 0 spa d | ||
| 020 | _a9707224177 | ||
| 035 | _aUPN01000148043 | ||
| 049 | _aCG | ||
| 050 | 4 |
_aHB849.4 _bM3.2 |
|
| 100 | 1 | _aMaldonado Cruz, Pedro | |
| 245 | 1 | 0 |
_aDemografía : _bconceptos y técnicas fundamentales / _cPedro Maldonado Cruz. |
| 260 |
_aMéxico : _bInstituto Técnológico de Oaxaca : _bPlaza y Valdés, _c2005. |
||
| 300 |
_a162 p. : _bgráf., cuadros |
||
| 440 | 0 | _aMetodología | |
| 650 | 4 |
_aDEMOGRAFIA - _xMETODOS ESTADISTICOS _911774 |
|
| 905 | _aLibro | ||
| 999 |
_c120185 _d120185 |
||